MARC

LEADER 00000nam0a2200000 4500
001 320964
005 20231102003328.0
035 |a (RuTPU)RU\TPU\book\346495 
090 |a 320964 
100 |a 20160802d1896 m y0rusy50 ca 
101 0 |a rus 
102 |a RU 
105 |a a j 001zy 
200 1 |a Введение в учение об электричестве  |e чтения Б.Ю. Кольбе  |h Ч.I I : Динамическое электричество  |f Б. Ю. Кольбе 
210 |a Санкт-Петербург  |c Издание Карла Риккера  |d 1896 
215 |a 188 с.  |c ил. 
317 |5 63413507: 11//527  |a Городская читальня в память Островскаго 
320 |a Алфавитный указатель содержания: с. 180-188 
606 1 |a Электричество, теория  |2 stltpush  |3 (RuTPU)RU\TPU\subj\27835  |9 51525 
610 1 |a динамическое электричество 
610 1 |a учебные пособия 
610 1 |a магнитные явления 
610 1 |a электризуемость 
610 1 |a гальваностатические методы 
610 1 |a гальванические токи 
610 1 |a тепловые аспекты 
610 1 |a законы Фарадея 
675 |a 537.1(075)  |v 4 
700 1 |a Кольбе  |b Б. Ю. 
801 1 |a RU  |b 63413507  |c 20160802 
801 2 |a RU  |b 63413507  |c 20200909  |g RCR 
942 |c BK